Power electronics (Record no. 1404)

000 -LEADER
fixed length control field 00542nam a2200205 4500
001 - CONTROL NUMBER
control field 1404
003 - CONTROL NUMBER IDENTIFIER
control field BD-DhUET
008 - FIXED-LENGTH DATA ELEMENTS--GENERAL INFORMATION
fixed length control field 140906b xxu||||| |||| 00| 0 eng d
020 ## - INTERNATIONAL STANDARD BOOK NUMBER
International Standard Book Number 8120325036
040 ## - CATALOGING SOURCE
Transcribing agency 0
Modifying agency BD-DhUET
082 ## - DEWEY DECIMAL CLASSIFICATION NUMBER
Classification number 623.17
Item number RAS/2004
100 ## - MAIN ENTRY--PERSONAL NAME
Personal name Rashid, Muhammad H.
245 ## - TITLE STATEMENT
Title Power electronics
Remainder of title circuits, devices, and applications
250 ## - EDITION STATEMENT
Edition statement 3rd ed.
260 ## - PUBLICATION, DISTRIBUTION, ETC. (IMPRINT)
Place of publication, distribution, etc. New Delhi
Name of publisher, distributor, etc. Prentice-Hall of India
Date of publication, distribution, etc. 2004
300 ## - PHYSICAL DESCRIPTION
Extent xxiv,880p.
504 ## - BIBLIOGRAPHY, ETC. NOTE
Bibliography, etc Includes bibliographies
650 #0 - SUBJECT ADDED ENTRY--TOPICAL TERM
Topical term or geographic name as entry element Power electronics
942 ## - ADDED ENTRY ELEMENTS (KOHA)
Koha item type General Book
Holdings
Copy number Withdrawn status Sublocation or collection (holding branch) Koha full call number Not for loan Source of classification or shelving scheme Piece designation (barcode) Koha date last borrowed Location (home branch) Koha issues (times borrowed) Lost status Koha normalized classification for sorting Koha date last seen Price effective from Shelving location Koha item type Damaged status Date acquired
1 Central Library, BUET623.17/RAS/2004  1036522021-12-19Central Library, BUET4 623_000000000000000_17RAS20042022-04-122014-09-06Circulation sectionGeneral Book 2014-09-06
2 Central Library, BUET623.17/RAS/2004  1036532022-11-29Central Library, BUET1 623_000000000000000_17RAS20042022-11-292014-09-06Circulation sectionGeneral Book 2014-09-06
3 Central Library, BUET623.17/RAS/2004  1036542018-10-28Central Library, BUET2 623_000000000000000_17RAS20042018-11-272014-09-06Circulation sectionGeneral Book 2014-09-06
4 Central Library, BUET623.17/RAS/2004  103655 Central Library, BUET  623_000000000000000_17RAS20042014-09-062014-09-06Circulation sectionGeneral Book 2014-09-06
5 Central Library, BUET623.17/RAS/2004  1036562014-12-07Central Library, BUET1 623_000000000000000_17RAS20042016-03-072014-09-06Circulation sectionGeneral Book 2014-09-06
6 Central Library, BUET623.17/RAS/2004  1036572023-09-23Central Library, BUET4 623_000000000000000_17RAS20042025-01-262014-09-06Circulation sectionGeneral Book 2014-09-06
7 Central Library, BUET623.17/RAS/2004  1036582024-12-08Central Library, BUET3 623_000000000000000_17RAS20042025-02-092014-09-06Circulation sectionGeneral Book 2014-09-06
8 Central Library, BUET623.17/RAS/2004  1036592023-09-24Central Library, BUET3 623_000000000000000_17RAS20042023-10-042014-09-06Circulation sectionGeneral Book 2014-09-06
9 Central Library, BUET623.17/RAS/2004  103660 Central Library, BUET  623_170000000000000_RAS_20042014-09-062014-09-06Circulation sectionGeneral Book 2014-09-06
10 Central Library, BUET623.17/RAS/2004  103661 Central Library, BUET  623_000000000000000_17RAS20042014-09-062014-09-06Circulation sectionGeneral Book 2014-09-06